[Event "Moscow Smyslov-D"]
[Site "Moscow"]
[Date "2025.06.08"]
[Round "7"]
[White "Reshetnyak, Anna Val"]
[Black "Dobrovsky, Kirill"]
[Result "0-1"]
[WhiteElo "1494"]
[BlackElo "1566"]
[PlyCount "132"]
[EventDate "2025.06.02"]
[EventType "swiss"]
[EventRounds "8"]
[EventCountry "RUS"]
[SourceTitle "CB29_2025"]
[SourceDate "2025.07.16"]
[SourceVersion "1"]
[SourceVersionDate "2025.07.16"]
[SourceQuality "1"]

1. d4 Nf6 2. c4 e6 3. Nf3 Bb4+ 4. Bd2 Qe7 5. a3 Bxd2+ 6. Qxd2 b6 7. Nc3 Bb7 8. g3 d6 9. Bg2 0-0 10. 0-0 Nbd7 11. Rfe1 a6 12. e4 e5 13. d5 Nc5 14. Qc2 Bc8 15. b4 Nb7 16. Nh4 g6 17. Rf1 Nh5 18. Qd1 Bd7 19. Nf5 Bxf5 20. exf5 Ng7 21. fxg6 fxg6 22. Qg4 a5 23. Ne4 Rf5 24. Bh3 Raf8 25. Qe2 Rf3 26. Bg4 R3f7 27. Qd2 h5 28. Bh3 Nf5 29. Ng5 Rg7 30. Ne6 Rff7 31. Nxg7 Kxg7 32. Rae1 Nd4 33. Bg2 g5 34. Re4 Nf3+ 35. Bxf3 Rxf3 36. Re3 Rf5 37. Qe2 Qf7 38. Kg2 Rf6 39. Rf3 Rxf3 40. Qxf3 Qg6 41. Rc1 g4 42. Qe3 Qf5 43. Rd1 Nd8 44. Re1 Nf7 45. Qe4 Qg5 46. bxa5 bxa5 47. Rb1 Qd2 48. Rb7 Qd4 49. Qe2 Qc5 50. a4 Kf6 51. Rb5 Qd4 52. Rxa5 Ng5 53. h3 gxh3+ 54. Kh2 e4 55. Qe3 Qd1 56. Qf4+ Kg6 57. Ra8 Nf3+ 58. Qxf3 Qxf3 59. Kxh3 Qxf2 60. Rg8+ Kh7 61. Re8 e3 62. a5 e2 63. Re7+ Kg8 64. Rxe2 Qxe2 65. a6 Qxc4 66. a7 Qa6 0-1

[Event "Moscow Smyslov-D"]
[Site "Moscow"]
[Date "2025.06.04"]
[Round "3"]
[White "Selikhov, Kirill"]
[Black "Dobrovsky, Kirill"]
[Result "1-0"]
[WhiteElo "1436"]
[BlackElo "1566"]
[PlyCount "119"]
[EventDate "2025.06.02"]
[EventType "swiss"]
[EventRounds "8"]
[EventCountry "RUS"]
[SourceTitle "CB29_2025"]
[SourceDate "2025.07.16"]
[SourceVersion "1"]
[SourceVersionDate "2025.07.16"]
[SourceQuality "1"]

1. d4 Nf6 2. c4 e6 3. Nc3 Bb4 4. Bg5 h6 5. Bh4 c5 6. a3 Bxc3+ 7. bxc3 Qa5 8. Qd3 Ne4 9. dxc5 Qxc3+ 10. Qxc3 Nxc3 11. f3 Na4 12. Bf2 Na6 13. Bd4 0-0 14. e3 N6xc5 15. Rb1 b6 16. Be2 Bb7 17. Bd1 Bc6 18. Bc2 f6 19. Bg6 e5 20. Ba1 Rac8 21. Ne2 Bb7 22. Ng3 Ne6 23. Nf5 Rxc4 24. Ne7+ Kh8 25. Bd3 Rc7 26. Ng6+ Kg8 27. Nxf8 Kxf8 28. Kd2 Ke7 29. Rbc1 Rxc1 30. Rxc1 Nac5 31. Bc4 Nd8 32. Rd1 Bc6 33. Kc3 Ndb7 34. e4 Nd6 35. Bd5 Ba4 36. Rb1 Nb5+ 37. Kd2 Nxa3 38. Rb4 Bc6 39. Bb2 Nb5 40. Bc4 Nc7 41. Ba3 d6 42. Rb1 N7e6 43. Ra1 b5 44. Bxe6 Nxe6 45. Bb4 Bd7 46. Rxa7 Nc5 47. Ra2 f5 48. Ke3 fxe4 49. fxe4 g5 50. Rc2 Ne6 51. Rd2 Nc5 52. Bxc5 dxc5 53. Rd5 Ke6 54. Rxc5 h5 55. h3 Kd6 56. Rd5+ Ke6 57. Rd2 Be8 58. Rf2 Bg6 59. Rf8 Bf7 60. Rb8 1-0

[Event "Zhukovsky op 04"]
[Site "Zhukovsky"]
[Date "2014.??.??"]
[Round "8"]
[White "Avetisyan, Aleksey"]
[Black "Dobrovsky, Kirill"]
[Result "1-0"]
[WhiteElo "1997"]
[BlackElo "1770"]
[PlyCount "55"]
[EventDate "2014.04.??"]
[EventType "swiss"]
[EventRounds "9"]
[EventCountry "RUS"]
[SourceTitle "EXT 2016"]
[Source "ChessBase"]
[SourceDate "2015.10.08"]
[SourceVersion "1"]
[SourceVersionDate "2015.10.08"]
[SourceQuality "1"]

1. e4 c5 2. Nf3 Nc6 3. Bb5 g6 4. Bxc6 dxc6 5. 0-0 Bg7 6. d3 Bg4 7. h3 Bxf3 8. Qxf3 Nf6 9. Nc3 0-0 10. Be3 Qd6 11. Qe2 e5 12. f4 Nh5 13. Qf2 b6 14. f5 Nf6 15. a4 Ne8 16. a5 Nc7 17. Na4 Rfb8 18. axb6 axb6 19. Nxb6 Rxa1 20. Rxa1 Bf8 21. Nc4 Qe7 22. b3 Nb5 23. f6 Qe6 24. Bxc5 Bxc5 25. Qxc5 Nd4 26. Qxe5 Qxe5 27. Nxe5 Nxc2 28. Ra7 1-0

[Event "Zhukovsky op 04"]
[Site "Zhukovsky"]
[Date "2014.??.??"]
[Round "7"]
[White "Dobrovsky, Kirill"]
[Black "Yasev, Daniil"]
[Result "1/2-1/2"]
[WhiteElo "1770"]
[BlackElo "1824"]
[PlyCount "62"]
[EventDate "2014.04.??"]
[EventType "swiss"]
[EventRounds "9"]
[EventCountry "RUS"]
[SourceTitle "EXT 2016"]
[Source "ChessBase"]
[SourceDate "2015.10.08"]
[SourceVersion "1"]
[SourceVersionDate "2015.10.08"]
[SourceQuality "1"]

1. d4 d5 2. Nf3 Nf6 3. e3 Bg4 4. c3 e6 5. Qa4+ Qd7 6. Qxd7+ Nbxd7 7. Nbd2 Bd6 8. Bd3 0-0 9. 0-0 c5 10. Re1 c4 11. Bc2 b5 12. a3 Rfe8 13. e4 dxe4 14. Bxe4 Rab8 15. Bc6 Rec8 16. Bxd7 Nxd7 17. h3 Bf5 18. Ne4 Bxe4 19. Rxe4 Nf6 20. Re1 Nd5 21. g3 a5 22. Ng5 b4 23. axb4 axb4 24. Ne4 Bf8 25. Bd2 bxc3 26. Bxc3 Bb4 27. Rec1 h6 28. Ra4 Bxc3 29. bxc3 Ra8 30. Rxa8 Rxa8 31. Nd6 Ra4 1/2-1/2

[Event "Zhukovsky Winter op"]
[Site "Zhukovsky"]
[Date "2014.??.??"]
[Round "1"]
[White "Podymov, Andrey"]
[Black "Dobrovsky, Kirill"]
[Result "1-0"]
[WhiteElo "1654"]
[BlackElo "1770"]
[PlyCount "111"]
[EventDate "2014.11.22"]
[EventType "swiss"]
[EventRounds "9"]
[EventCountry "RUS"]
[SourceTitle "EXT 2016"]
[Source "ChessBase"]
[SourceDate "2015.10.08"]
[SourceVersion "1"]
[SourceVersionDate "2015.10.08"]
[SourceQuality "1"]

1. d4 Nf6 2. c4 e6 3. Nf3 Bb4+ 4. Bd2 Be7 5. Nc3 d5 6. e3 0-0 7. Bd3 c5 8. 0-0 Nc6 9. cxd5 Nb4 10. Bc2 Nbxd5 11. dxc5 Bxc5 12. Rc1 b6 13. Ne4 Be7 14. Bc3 Bb7 15. Nxf6+ Bxf6 16. Bxf6 Qxf6 17. Qd4 Rfd8 18. Be4 Qe7 19. Qe5 f6 20. Qg3 Ba6 21. Bxd5 Rxd5 22. Rc7 Rd7 23. Rfc1 e5 24. Rxd7 Qxd7 25. Qh4 Rc8 26. Rxc8+ Qxc8 27. Qb4 Qc1+ 28. Ne1 Bc4 29. a3 a5 30. Qc3 Qxc3 31. bxc3 Kf7 32. f3 Ke6 33. e4 g6 34. Kf2 f5 35. g3 f4 36. gxf4 exf4 37. h4 h6 38. Nc2 b5 39. Nd4+ Kd6 40. Ne2 Bxe2 41. Kxe2 Ke6 42. Kd3 Ke5 43. Ke2 g5 44. hxg5 hxg5 45. Ke1 g4 46. fxg4 Kxe4 47. Kf2 f3 48. g5 Kf5 49. Kxf3 Kxg5 50. Ke4 Kf6 51. Kd5 a4 52. Kc5 Ke5 53. Kxb5 Kd5 54. c4+ Kd6 55. c5+ Kc7 56. Kxa4 1-0

[Event "Zhukovsky Winter op"]
[Site "Zhukovsky"]
[Date "2014.??.??"]
[Round "5"]
[White "Tarabtsev, Ivan"]
[Black "Dobrovsky, Kirill"]
[Result "1-0"]
[WhiteElo "2051"]
[BlackElo "1770"]
[PlyCount "69"]
[EventDate "2014.11.22"]
[EventType "swiss"]
[EventRounds "9"]
[EventCountry "RUS"]
[SourceTitle "EXT 2016"]
[Source "ChessBase"]
[SourceDate "2015.10.08"]
[SourceVersion "1"]
[SourceVersionDate "2015.10.08"]
[SourceQuality "1"]

1. c4 Nf6 2. b3 e6 3. Bb2 d5 4. g3 Bd7 5. Bg2 Bc6 6. Nf3 dxc4 7. bxc4 Be7 8. 0-0 0-0 9. a4 Nbd7 10. a5 b6 11. d3 Bxf3 12. Bxf3 Rb8 13. axb6 axb6 14. Nc3 Ne8 15. Nb5 Nd6 16. Na7 Qe8 17. Nc6 Rc8 18. e4 e5 19. Nxe5 Nxe5 20. Bxe5 f6 21. Bf4 Nf7 22. d4 Bd6 23. Bxd6 Nxd6 24. Qd3 Kh8 25. d5 Ra8 26. Rac1 Ra5 27. Bg2 Qg6 28. Qd4 Rfa8 29. c5 Ra4 30. Qxa4 Rxa4 31. cxd6 Qe8 32. dxc7 Ra8 33. Bh3 Rc8 34. Bxc8 Qxc8 35. d6 1-0

[Event "Zhukovsky op"]
[Site "Zhukovsky"]
[Date "2012.04.??"]
[Round "1"]
[White "Dobrovsky, Kirill"]
[Black "Mozgalov, Viktor"]
[Result "1-0"]
[WhiteElo "1785"]
[BlackElo "1973"]
[PlyCount "73"]
[EventDate "2012.04.??"]
[EventType "swiss"]
[EventRounds "9"]
[EventCountry "RUS"]
[SourceTitle "EXT 2014"]
[Source "ChessBase"]
[SourceDate "2013.11.20"]
[SourceVersion "1"]
[SourceVersionDate "2013.11.20"]
[SourceQuality "1"]

1. c4 d6 2. g3 e5 3. Bg2 f5 4. Nc3 Nf6 5. Qb3 Nc6 6. e3 g6 7. d3 Bg7 8. Nd5 0-0 9. Bd2 Kh8 10. Bc3 Ne7 11. Nxf6 Bxf6 12. h4 c5 13. Nh3 Nc6 14. Bd5 Qe7 15. 0-0-0 a6 16. Qb6 Nb4 17. Bxb4 cxb4 18. Qxb4 f4 19. exf4 Bxh3 20. fxe5 Qxe5 21. Rxh3 Rab8 22. f4 Qf5 23. Rh2 b5 24. Qxd6 bxc4 25. dxc4 Rfe8 26. Rg2 Bg7 27. Qxa6 Bxb2+ 28. Rxb2 Rxb2 29. Kxb2 Re2+ 30. Ka1 Qf8 31. Qa8 Re8 32. Qc6 Qg7+ 33. Kb1 Rb8+ 34. Kc2 h5 35. Rb1 Rf8 36. Rb7 Qd4 37. Qb6 1-0

[Event "Zhukovsky op"]
[Site "Zhukovsky"]
[Date "2012.04.??"]
[Round "6"]
[White "Grafchikov, Alexey"]
[Black "Dobrovsky, Kirill"]
[Result "1-0"]
[WhiteElo "1750"]
[BlackElo "1785"]
[PlyCount "62"]
[EventDate "2012.04.??"]
[EventType "swiss"]
[EventRounds "9"]
[EventCountry "RUS"]
[SourceTitle "EXT 2014"]
[Source "ChessBase"]
[SourceDate "2013.11.20"]
[SourceVersion "1"]
[SourceVersionDate "2013.11.20"]
[SourceQuality "1"]

1. e4 c5 2. f4 Nc6 3. Nf3 d6 4. d3 Bg4 5. Be2 e6 6. 0-0 Nge7 7. c3 g6 8. Nbd2 Bg7 9. h3 Bxf3 10. Nxf3 0-0 11. Qe1 b5 12. Bd2 b4 13. g4 Qb6 14. Kh1 Rab8 15. b3 bxc3 16. Bxc3 Nd4 17. Bxd4 cxd4 18. Nh4 Rbc8 19. f5 exf5 20. gxf5 d5 21. e5 Bxe5 22. Bg4 Qd6 23. fxg6 Bg3 24. gxh7+ Kh8 25. Qe2 Bxh4 26. Bxc8 Nxc8 27. Rg1 Ne7 28. Rg4 Ng6 29. Rag1 Qd7 30. Qf3 Qe6 31. Rxg6 Qe3 1-0

[Event "Zhukovsky op"]
[Site "Zhukovsky"]
[Date "2012.04.??"]
[Round "2"]
[White "Ibragimov, Ali"]
[Black "Dobrovsky, Kirill"]
[Result "1-0"]
[WhiteElo "2064"]
[BlackElo "1785"]
[PlyCount "63"]
[EventDate "2012.04.??"]
[EventType "swiss"]
[EventRounds "9"]
[EventCountry "RUS"]
[SourceTitle "EXT 2014"]
[Source "ChessBase"]
[SourceDate "2013.11.20"]
[SourceVersion "1"]
[SourceVersionDate "2013.11.20"]
[SourceQuality "1"]

1. e4 c5 2. Nf3 Nc6 3. d3 g6 4. g3 Bg7 5. Bg2 e6 6. 0-0 Nge7 7. Re1 0-0 8. Nbd2 d5 9. e5 Qc7 10. Qe2 Nb4 11. Nf1 Nf5 12. c3 Nc6 13. Bf4 b6 14. h4 Nh6 15. N1h2 Kh8 16. h5 gxh5 17. Ng5 Ng4 18. Nxg4 hxg4 19. Qxg4 Bxe5 20. Nxh7 f5 21. Bxe5+ Nxe5 22. Qf4 Qxh7 23. Rxe5 Bd7 24. c4 Rad8 25. cxd5 exd5 26. Rxd5 Bb5 27. Rxd8 Rxd8 28. Qe5+ Qg7 29. Qxf5 Bxd3 30. Qh5+ Kg8 31. Bd5+ Kf8 32. Qf3+ 1-0

[Event "Zhukovsky-A 02"]
[Site "Zhukovsky"]
[Date "2011.02.09"]
[Round "5"]
[White "Dobrovsky, Kirill"]
[Black "Chalov, Vasily"]
[Result "0-1"]
[WhiteElo "1734"]
[BlackElo "2052"]
[PlyCount "64"]
[EventDate "2011.02.09"]
[EventType "swiss"]
[EventRounds "9"]
[EventCountry "RUS"]
[SourceTitle "EXT 2022"]
[Source "ChessBase"]
[SourceDate "2021.10.06"]
[SourceVersion "1"]
[SourceVersionDate "2021.10.06"]
[SourceQuality "1"]

1. c4 Nf6 2. Nc3 e6 3. g3 d5 4. Bg2 c6 5. cxd5 exd5 6. d4 Bf5 7. Bg5 Be7 8. Bxf6 Bxf6 9. e3 Qb6 10. Qd2 0-0 11. Nf3 Qa6 12. Bf1 Qa5 13. Bg2 Nd7 14. 0-0 g6 15. a3 Qc7 16. b4 Nb6 17. Qa2 Nc4 18. Nd2 b5 19. Nxc4 bxc4 20. Rfd1 a6 21. e4 Bg4 22. Rd2 Qa7 23. exd5 Bxd4 24. Qxc4 Bxc3 25. Qxc3 cxd5 26. Rxd5 Rae8 27. Rc5 Re2 28. Bf3 Bxf3 29. Qxf3 Rfe8 30. Kf1 Qe7 31. Rac1 Qe6 32. Rc6 Qh3+ 0-1

[Event "Zhukovsky-A 02"]
[Site "Zhukovsky"]
[Date "2011.02.09"]
[Round "7"]
[White "Dobrovsky, Kirill"]
[Black "Guseynov, Vafadar"]
[Result "1-0"]
[WhiteElo "1734"]
[BlackElo "1885"]
[PlyCount "81"]
[EventDate "2011.02.09"]
[EventType "swiss"]
[EventRounds "9"]
[EventCountry "RUS"]
[SourceTitle "EXT 2022"]
[Source "ChessBase"]
[SourceDate "2021.10.06"]
[SourceVersion "1"]
[SourceVersionDate "2021.10.06"]
[SourceQuality "1"]

1. c4 e5 2. g3 Nc6 3. Bg2 b6 4. Nc3 Nf6 5. Nf3 g6 6. Nxe5 Bb7 7. d4 Bg7 8. 0-0 0-0 9. Bg5 Na5 10. Bxb7 Nxb7 11. Nd5 Nd6 12. Nxf6+ Bxf6 13. Bxf6 Qxf6 14. Nxd7 Qe7 15. Nxf8 Kxf8 16. Rc1 Rd8 17. Qd2 Kg8 18. f3 Nf5 19. d5 Ne3 20. Rfe1 Qc5 21. b4 Qe7 22. g4 a5 23. bxa5 bxa5 24. Rc3 Re8 25. c5 Qe5 26. Rxe3 Qxe3+ 27. Qxe3 Rxe3 28. d6 cxd6 29. cxd6 Re8 30. e4 f6 31. f4 Kf7 32. Kf2 Ke6 33. e5 fxe5 34. fxe5 Rc8 35. Kf3 Rc3+ 36. Kf4 Rc4+ 37. Kg5 Ra4 38. Rd1 Kd7 39. e6+ Kd8 40. e7+ Kd7 41. Re1 1-0

[Event "Zhukovsky Elo-B 08"]
[Site "Zhukovsky"]
[Date "2009.08.14"]
[Round "3"]
[White "Leschenko, Wjatcheslaw"]
[Black "Dobrovsky, Kirill"]
[Result "0-1"]
[WhiteElo "1655"]
[BlackElo "1728"]
[PlyCount "116"]
[EventDate "2009.08.14"]
[EventType "swiss"]
[EventRounds "7"]
[EventCountry "RUS"]
[SourceTitle "EXT 2022"]
[Source "ChessBase"]
[SourceDate "2021.10.06"]
[SourceVersion "1"]
[SourceVersionDate "2021.10.06"]
[SourceQuality "1"]

1. Nf3 d5 2. c4 d4 3. d3 c5 4. g3 Nc6 5. Bg2 e5 6. Nbd2 Nf6 7. Ng5 Be7 8. h4 0-0 9. Nde4 Nxe4 10. Bxe4 h6 11. e3 dxe3 12. Bxe3 Nd4 13. Bxd4 exd4 14. Qh5 Bxg5 15. hxg5 Qxg5 16. Bh7+ Kh8 17. Qxg5 hxg5 18. Be4+ Kg8 19. 0-0-0 g6 20. Bd5 Rb8 21. Rh6 Kg7 22. Rdh1 Bf5 23. Kc2 b6 24. f3 Rbe8 25. Rh7+ Kf6 26. Kd2 Re3 27. Be4 Bxe4 28. fxe4 Rxg3 29. Rh8 Rxh8 30. Rxh8 g4 31. Ra8 Rg2+ 32. Ke1 Rxb2 33. Rxa7 g3 34. Kf1 Ke6 35. a4 f5 36. exf5+ gxf5 37. Rb7 Rb4 38. Kg2 f4 39. Kf3 Ke5 40. Re7+ Kd6 41. Re4 Rb3 42. Rxf4 Rxd3+ 43. Kg2 Ke5 44. Rg4 Kf5 45. Rg7 Rc3 46. Rf7+ Ke4 47. Rb7 Rxc4 48. Rxb6 Rxa4 49. Kxg3 d3 50. Kf2 Ra2+ 51. Ke1 c4 52. Re6+ Kd4 53. Rh6 Kc3 54. Rh3 Ra1+ 55. Kf2 Kc2 56. Ke3 d2 57. Rh2 Re1+ 58. Kd4 Kc1 0-1

[Event "Zhukovsky Elo-B 08"]
[Site "Zhukovsky"]
[Date "2009.08.14"]
[Round "6"]
[White "Sedova, Anastasiya"]
[Black "Dobrovsky, Kirill"]
[Result "0-1"]
[WhiteElo "1597"]
[BlackElo "1728"]
[PlyCount "92"]
[EventDate "2009.08.14"]
[EventType "swiss"]
[EventRounds "7"]
[EventCountry "RUS"]
[SourceTitle "EXT 2022"]
[Source "ChessBase"]
[SourceDate "2021.10.06"]
[SourceVersion "1"]
[SourceVersionDate "2021.10.06"]
[SourceQuality "1"]

1. e4 g6 2. Nf3 Bg7 3. d4 d6 4. Be3 Nf6 5. Bd3 0-0 6. 0-0 Ng4 7. h3 Nxe3 8. fxe3 c5 9. c4 Qb6 10. Qb3 Nc6 11. dxc5 Qxc5 12. Be2 Na5 13. Qa3 Qxa3 14. Nxa3 Bxb2 15. Nc2 Bxa1 16. Rxa1 Be6 17. Nd2 Rac8 18. Na3 a6 19. Rb1 Rc7 20. Rb4 Rfc8 21. Kf2 Nc6 22. Rb2 Ne5 23. Rb4 Nc6 24. Rb2 Na5 25. Rb4 Kg7 26. g4 Kh6 27. Kg3 f5 28. exf5 gxf5 29. Nf3 fxg4 30. hxg4 Bxc4 31. Nxc4 Nxc4 32. Bxc4 Rxc4 33. Rxb7 R8c7 34. Rb6 Ra4 35. Rb2 Ra3 36. Re2 Rc5 37. Nd4 Re5 38. Nf5+ Kg5 39. Kf3 h5 40. Ng3 hxg4+ 41. Kf2 Kh4 42. Nf1 Rea5 43. Nd2 Rxa2 44. Kg1 Ra1+ 45. Nf1 R5a2 46. Rxa2 Rxa2 0-1

[Event "Zhukovsky op-B 05"]
[Site "Zhukovsky"]
[Date "2009.05.??"]
[Round "2"]
[White "Dobrovsky, Kirill"]
[Black "Tselyutin, Viktor"]
[Result "1/2-1/2"]
[WhiteElo "1728"]
[BlackElo "1818"]
[PlyCount "83"]
[EventDate "2009.05.??"]
[EventType "swiss"]
[EventRounds "9"]
[EventCountry "RUS"]
[SourceTitle "EXT 2012"]
[Source "ChessBase"]
[SourceDate "2011.11.24"]
[SourceVersion "1"]
[SourceVersionDate "2011.11.24"]
[SourceQuality "1"]

1. d4 Nf6 2. Bg5 e6 3. Nf3 Be7 4. c4 b6 5. e3 Bb7 6. Bd3 c5 7. 0-0 d6 8. Nbd2 Nbd7 9. Qc2 Rc8 10. Qb1 Qc7 11. a3 h6 12. Bh4 Qb8 13. e4 cxd4 14. Nxd4 Qa8 15. f3 Ne5 16. b3 Ng6 17. Bf2 Nh5 18. Ra2 Nhf4 19. Re1 Nxd3 20. Qxd3 Nf4 21. Qb1 Qb8 22. Nf1 0-0 23. a4 Rfd8 24. Ne2 Nxe2+ 25. Raxe2 Bf6 26. Rd1 Qc7 27. Red2 d5 28. cxd5 exd5 29. exd5 Be5 30. Qf5 g6 31. Qe4 Qd6 32. Qh4 Rc3 33. Qxh6 Bf4 34. Qh4 g5 35. Qh5 Qg6 36. Qxg6+ fxg6 37. Rd3 Rxd3 38. Rxd3 Rxd5 39. Rxd5 Bxd5 40. b4 Bc6 41. a5 bxa5 42. bxa5 1/2-1/2

[Event "Zhukovsky op-B"]
[Site "Zhukovsky"]
[Date "2009.01.??"]
[Round "7"]
[White "Dobrovsky, Kirill"]
[Black "Shvetzov, Mikhail"]
[Result "0-1"]
[WhiteElo "1728"]
[BlackElo "1806"]
[PlyCount "84"]
[EventDate "2009.01.??"]
[EventType "swiss"]
[EventRounds "7"]
[EventCountry "RUS"]
[SourceTitle "EXT 2012"]
[Source "ChessBase"]
[SourceDate "2011.11.24"]
[SourceVersion "1"]
[SourceVersionDate "2011.11.24"]
[SourceQuality "1"]

1. d4 Nf6 2. Bg5 c5 3. Bxf6 exf6 4. dxc5 Bxc5 5. e3 0-0 6. g3 d5 7. c3 Bf5 8. Bg2 Be4 9. Nf3 Nc6 10. 0-0 Qc7 11. Nbd2 Rad8 12. Nb3 Bb6 13. Nbd4 Ne5 14. Nxe5 fxe5 15. Ne2 Kh8 16. Qa4 Bd3 17. Rfe1 a6 18. Rad1 Bb5 19. Qh4 Bc6 20. Rd2 Rd6 21. Red1 Rfd8 22. Kf1 Rh6 23. Qb4 Rhd6 24. Qb3 d4 25. cxd4 e4 26. Nc3 f5 27. Rc2 Ba7 28. d5 Qf7 29. Rcd2 Be8 30. Kg1 h5 31. Qc4 h4 32. Qe2 hxg3 33. fxg3 Qe7 34. Kh1 Qg5 35. Re1 b5 36. a3 Bh5 37. Qf2 Bg4 38. h3 Rh6 39. h4 Qh5 40. Qf4 Bb8 41. Qf2 g5 42. Qg1 Bxg3 0-1

[Event "Zhukovsky op-B"]
[Site "Zhukovsky"]
[Date "2009.01.??"]
[Round "6"]
[White "Kochetkov, Sergey"]
[Black "Dobrovsky, Kirill"]
[Result "0-1"]
[WhiteElo "1618"]
[BlackElo "1728"]
[PlyCount "108"]
[EventDate "2009.01.??"]
[EventType "swiss"]
[EventRounds "7"]
[EventCountry "RUS"]
[SourceTitle "EXT 2012"]
[Source "ChessBase"]
[SourceDate "2011.11.24"]
[SourceVersion "1"]
[SourceVersionDate "2011.11.24"]
[SourceQuality "1"]

1. e4 e6 2. d4 d5 3. e5 c5 4. c3 Qb6 5. Nf3 Nc6 6. dxc5 Bxc5 7. Qe2 a5 8. g3 Nge7 9. Bg2 Ng6 10. 0-0 0-0 11. Re1 Bd7 12. b3 f5 13. Ba3 f4 14. g4 Be7 15. g5 Qd8 16. h4 Rf5 17. Bh3 Rf7 18. Kh1 Qc7 19. Bb2 a4 20. b4 Na7 21. Na3 Qc8 22. Rac1 Bc6 23. Kh2 Bd7 24. Bg4 Nc6 25. Bh5 Rf5 26. Bxg6 hxg6 27. Nc2 Rf8 28. Qd3 Be8 29. a3 Qc7 30. c4 Rd8 31. c5 Kf7 32. Ncd4 Nxd4 33. Nxd4 Rh8 34. Qh3 Bxg5 35. Qxe6+ Kf8 36. Qh3 Bd7 37. Qf3 Rxh4+ 38. Kg2 Bh3+ 39. Qxh3 Rxh3 40. Ne6+ Ke7 41. Nxc7 Rb3 42. Rc2 Rc8 43. Nxd5+ Ke6 44. Nb6 Rh8 45. Rh1 f3+ 46. Kg1 Rd8 47. Rh3 Rd1+ 48. Kh2 Bf4+ 49. Rg3 Bxg3+ 50. Kxg3 Rg1+ 51. Kh2 Rg2+ 52. Kh1 Rd3 53. Rc1 Rd2 54. Rf1 Rd8 0-1